Planètes Star Wars - Mort subite - Statistiques

Statistiques générales
  • Ce quiz a été pris 4 551 fois
  • Le résultat moyen est 9 sur 18
Answers on the Grid
Answers color-coded by a green-red scale on the quiz's grid according to % correct below.
Tatooine
Alderaan
Kashyyyk
Mustafar
Naboo
Dagobah
Hoth
Coruscant
Kamino
Ahch-To
Geonosis
Bespin
Jakku
Takodana
Endor
Utapau
Yavin
Exegol
Tataouine
Aldébaran
Andor
Kamini
Cybertron
Arrakis
Klendathu
Déagol
Moutabal
Ach So
Gifu
Twi'lek
Ibadan
Lordaeron
Palikir
 
Statistiques - réponses
Réponse % Correct
Naboo
61%
Mustafar
59%
Tatooine
59%
Dagobah
54%
Endor
54%
Coruscant
53%
Hoth
52%
Kamino
52%
Jakku
51%
Geonosis
48%
Yavin
48%
Alderaan
46%
Kashyyyk
44%
Exegol
43%
Bespin
39%
Utapau
36%
Ahch-To
27%
Takodana
27%
Aucun quiz correspondant
Distribution des résultats
% des personnes avec chaque résultat
Percentile par nombre de réponses
Votre historique - résultats
Vous n’avez pas pris ce quiz